| 000 | 00700cam a2200253 a 4500 | ||
|---|---|---|---|
| 001 | 3842909 | ||
| 003 | OSt | ||
| 005 | 20221116095920.0 | ||
| 008 | 881117s1984 ilu 000 0deng | ||
| 010 | _a 87062490 | ||
| 020 | _a0896934667 (pbk.) | ||
| 040 |
_aDLC _cDLC _dDLC |
||
| 050 | 0 | 0 | _bB859D |
| 082 | 0 | 0 |
_a222/.40924 _219 _bB859D |
| 100 | 1 | _aBriscoe, D. Stuart. | |
| 245 | 1 | 0 |
_aDavid, a heart for God / _cStuart Briscoe. |
| 260 |
_aWheaton, Ill. : _bVictor Books, _cc1984. |
||
| 300 |
_a170 p. ; _c21 cm. |
||
| 600 | 0 | 0 |
_aDavid, _cKing of Israel. |
| 600 | 0 | 0 |
_aSaul, _cKing of Israel. |
| 650 | 0 | _aChristian life. | |
| 906 |
_a7 _bcbc _corignew _d3 _eopcn _f19 _gy-gencatlg |
||
| 942 |
_2ddc _cBK |
||
| 999 |
_c10979 _d10979 |
||